| 000 | 00934nam a2200217 a 4500 | ||
|---|---|---|---|
| 001 | 000025333 | ||
| 005 | 20200930023720.0 | ||
| 008 | 110214s1921 ag r 000 0 spa d | ||
| 040 |
_aDO-SdBNP _bspa _cBNPHU |
||
| 082 |
_aNNN _bF889c |
||
| 100 | 1 |
_aFreud, Sigmund _d1856-1939 _935138 |
|
| 245 | 1 | 0 |
_ael chiste y su relación con lo inconsciente : _bel delirio y los sueños en la "Gradiva" de Jensen / _cSigmund Freud ; traducción directa del alemán de Luis López-Ballesteros y de Torres ; editor Santiago Rueda. |
| 260 |
_aBuenos Aires : _b[S. l.], _c[1921]. |
||
| 300 |
_a287, [1] p. ; _c22 cm. |
||
| 490 | 1 |
_aObras completas del profesor Sigmund Freud _v3 |
|
| 500 | _aIncluye referencias bibliográficas y notas al pie de las páginas | ||
| 700 | 1 |
_aRueda, Santiago _eed. _951885 |
|
| 700 | 1 |
_aLópez-Ballesteros y de Torres, Luis _etr. _945226 |
|
| 830 | 0 |
_aObras completas del profesor Sigmund Freud _v3 _951886 |
|
| 049 | _aBNGR | ||
| 999 |
_c24825 _d24825 |
||